Tre romanzi : Indiana, Lo stagno del diavolo, Il marchese di Villemer /

সংরক্ষণ করুন:
গ্রন্থ-পঞ্জীর বিবরন
প্রধান লেখক: Sand, George (লেখক)
অন্যান্য লেখক: Cassone, Sandro (অনুবাদক)
বিন্যাস: গ্রন্থ
ভাষা:ইতালিয়
প্রকাশিত: Firenze : Casini, [1967!
মালা:I grandi maestri ; 38
ট্যাগগুলো: ট্যাগ যুক্ত করুন
কোনো ট্যাগ নেই, প্রথমজন হিসাবে ট্যাগ করুন!

MARC

LEADER 00000nam a22000007i 4500
001 IT\ICCU\MOD\0126471
003 ItRI
005 20251009191709.0
008 010330s1967 it |||||| ||||| |||||c
040 |b ita  |c ct 
041 7 |a ita  |2 ISO-639-2 
082 |a 843.8  |2 21 
100 1 |a Sand, George  |0 IT\ICCU\CFIV\021185  |4 aut 
240 1 0 |a Indiana.  |9 Sand, George 
240 1 3 |a La mare au diable  |9 Sand, George 
240 1 3 |a Le marquis de Villemer  |9 Sand, George 
245 1 0 |a Tre romanzi :  |b Indiana, Lo stagno del diavolo, Il marchese di Villemer /  |c George Sand. 
260 |a Firenze :  |b Casini,  |c [1967! 
300 |a XII, 597 p. ;  |c 21 cm 
500 |a Trad. dal francese di Sandro Cassone. 
700 1 |a Cassone, Sandro  |0 IT\ICCU\RAVV\036449  |4 trl 
830 2 |a I grandi maestri ;  |v 38  |0 IT\ICCU\RLZ\0161534 
942 |2 ddc  |c BK 
952 |0 0  |1 0  |2 ddc  |4 0  |6 B_LNR02SANGETRE11  |7 0  |9 7547  |a MI  |b MI  |d 2011-07-25  |i 1945  |l 0  |o B-LNR02-SANGE-TRE11  |p CDOM1945  |r 2025-07-13 16:28:00  |w 2025-07-13  |x DONO  |y BK 
981 1 |6 z01  |a i   |b xxxe  
982 1 |6 z01  |a n 
999 |c 6239  |d 6239